Problems encountered by the bachelor of technology major in hotel (Record no. 1428)
[ view plain ]
| 000 -LEADER | |
|---|---|
| fixed length control field | 02576nam a22002897a 4500 |
| 005 - DATE AND TIME OF LATEST TRANSACTION | |
| control field | 20220117113858.0 |
| 008 - FIXED-LENGTH DATA ELEMENTS--GENERAL INFORMATION | |
| fixed length control field | 191011b ||||| |||| 00| 0 eng d |
| 041 ## - LANGUAGE CODE | |
| Language code of text/sound track or separate title | eng |
| 043 ## - GEOGRAPHIC AREA CODE | |
| Geographic area code | a-ph--- |
| 050 10 - LIBRARY OF CONGRESS CALL NUMBER | |
| Classification number | LB2368 |
| Item number | .P942 2018 |
| 245 ## - TITLE STATEMENT | |
| Title | <a href="Problems encountered by the bachelor of technology major in hotel">Problems encountered by the bachelor of technology major in hotel</a> |
| Statement of responsibility, etc | Phil Irish Y. Despi... [et. al] |
| 260 ## - PUBLICATION, DISTRIBUTION, ETC. (IMPRINT) | |
| Date of publication, distribution, etc | March 2018 |
| 300 ## - PHYSICAL DESCRIPTION | |
| Extent | xii, 77 leaves : |
| Other physical details | illustrations ; |
| Dimensions | 28 cm |
| 336 ## - CONTENT TYPE | |
| Source | rda content |
| Content type term | text |
| 337 ## - MEDIA TYPE | |
| Source | rda media |
| Media type term | unmediated |
| 338 ## - CARRIER TYPE | |
| Source | rda carrier |
| Carrier type term | volume |
| 502 ## - DISSERTATION NOTE | |
| Dissertation note | Thesis |
| Degree type | Bachelor of Technology major in Hotel and Restaurant Management |
| Name of granting institution | University of Rizal System-Morong |
| Year degree granted | 2018 |
| 520 ## - SUMMARY, ETC. | |
| Summary, etc | EXECUTIVE SUMMARY: The conditions ascertained in this study were the problems encountered by the Bachelor of Technology Major in Hotel and Restaurant Management students in their National Certificate II in food and beverage services with respect to the attitude of assessors, attitude of the candidates, facilities, financial aspect, knowledge and skills, and location and time management. From the analysis and interpretation of data, in terms of the profile of the respondents, majority of the respondents are in the age bracket of 15-19 years old, female, single and have a monthly family income of 2,500-6,500 pesos. The extent of problems encountered by the bachelor of technology major in hotel and restaurant management students of university of rizal system morong campus in their national certificate II in food and beverage services showed that with the respect to the attitude of the assessors, attitude of the candidates, facilities, financial aspect, knowledge and skills, and location and time management, all of them were interpreted as "serious". There is no significant difference on the extent of problems encountered by the bachelor of technology major in hotel and restaurant management students of the university of rizal system morong campus in their national certificate II in food and beverage services with respect to the attitude of assessors, attitude of the candidates, facilities, financial aspect, knowledge and skills, and location and time management in terms of age, sex, civil status and monthly family income. |
| 650 #0 - SUBJECT ADDED ENTRY--TOPICAL TERM | |
| Topical term or geographic name as entry element | College students--Rating of. |
| 650 #0 - SUBJECT ADDED ENTRY--TOPICAL TERM | |
| Topical term or geographic name as entry element | Educational tests and measurements |
| 650 #0 - SUBJECT ADDED ENTRY--TOPICAL TERM | |
| Topical term or geographic name as entry element | University of rizal system, College--Students. |
| 700 ## - ADDED ENTRY--PERSONAL NAME | |
| Personal name | Cajefe, Melody B. |
| Relator term | author |
| 700 ## - ADDED ENTRY--PERSONAL NAME | |
| Personal name | Cardines, Marcos T. |
| Relator term | author |
| 700 ## - ADDED ENTRY--PERSONAL NAME | |
| Personal name | Lenatoc, Camille B. |
| Relator term | author |
| 700 ## - ADDED ENTRY--PERSONAL NAME | |
| Personal name | Dimalanta, Ophelia A., |
| Relator term | author. |
| 942 ## - ADDED ENTRY ELEMENTS (KOHA) | |
| Source of classification or shelving scheme | Library of Congress Classification |
| Koha item type | Theses and dissertations |
| Withdrawn status | Source of classification or shelving scheme | Damaged status | Not for loan | Collection code | Home library | Current library | Date acquired | Total Checkouts | Full call number | Barcode | Date last seen | Copy number | Price effective from | Koha item type |
|---|---|---|---|---|---|---|---|---|---|---|---|---|---|---|
| Library of Congress Classification | Reference | Morong College Library | Morong College Library | 10/11/2019 | LB2368 .P942 2018 | URSMOR-CL-005375 | 10/11/2019 | 1 | 09/16/2020 | Theses and dissertations |